000 01978cam a22004454i 4500
003 PE-LiUPU
005 20250731172918.0
008 150617s r 000 0 d
020 _a8427114354
035 _a(Sirsi) i9788427114357
040 _aPE-LiUPU
_bspa
_cPE-LiUPU
_erda
049 _aPRUA
082 0 4 _a270.6
_bM843m
_223
100 1 _aMoreno, Alfonso María,
_eautor.
245 1 0 _aMartín Lutero :
_bHistoria de una rebeldía /
_cAlfonso María Moreno.
264 1 _aBilbao :
_bEdiciones Mensajero,
_c1985.
300 _a224 páginas ;
_c22 centímetros.
336 _atext
_2rdacontent
337 _aunmediated
_2rdamedia
338 _avolume
_2rdacarrier
490 0 _a(Colección Realizarse)
505 0 _aMarco geográfico - histórico -- Infancia de Lutero -- Magdeburgo -- Eisenach -- Erfurt -- La promesa de Martín -- Martín Lutero, monje -- Profesor en Wittenberg - viaje a Roma -- Vuelta de Roma -- Evolución de Lutero -- La batalla universitaria -- El Jubileo -- Las tesis Luterana -- León X -- Juventud y pueblo -- El Papa y Lutero -- Muerte del emperador Maximiliano - disputa de Leipzig -- Contraataque de Lutero -- Lutero pide ayuda a la nobleza -- La cautividad de Babilionia -- La bula de excomunión -- Dieta de Worms -- Huida de Lutero -- Dudas, tentaciones y actividad literaria -- Wittenberg se subleva -- Extensión de la reforma -- Aparece un nuevo reformador - su encuentro con Lutero -- Rebelión de los campesinos -- Choque de los reformadores -- Mi querida Ketha -- Y la vida sigue.
526 _aSEG42
526 _aSEG41
526 _aSEG40
526 _aSEG39
526 _aP94
526 _aP87
526 _aP86
526 _aP85
526 _aP77
526 _aP76
526 _aP35
600 0 _aLutero, Martín,
_d1483-1546.
_91490
650 0 4 _aReforma y Contrareforma.
910 _ajck
942 _2ddc
_cBK
980 _81
_gALBERTO SANCHEZ Responsable de Automatización
999 _c18733
_d18733